000 00734nam a22002537a 4500
005 20170123162351.0
010 _a379855
020 _c4.00
035 _a379855
037 _bCen Lib/Ret
040 _aDPL
_bUR
082 _a270
_bغ ل ا
100 _aغلام رسول مہر
_9136557
245 _a/ سرورِ عالم
_cغلام رسول مہر
246 _aSaroor-e- alam
_bGulam Rasool Maher
260 _aدہلی
_bچمن نک ڈپو
270 _bدہلی
_aاردو بازار
_e110006
300 _a256p.
_c23cm(Hb)
650 _aمذہب
_v
_9136558
650 _aاسلام
_9136559
650 _aReligion
_9136560
650 _aIslam
_95289
942 _2ddc
_cUR
_h841.08
_mغ ا ل
999 _c109248
_d109248